000 00703nam a2200277Ia 4500
008 171025s9999 xx 000 0 und d
020 _a99543206
050 _a750
050 _bB354 1988
100 _aBawden, Juliet
245 _aCrazy painting /
245 _cby Juliet Bawden, illustrated by Jane Laycock and Shelagh Mcgee.
260 _aLondon :
260 _bBeaver Books,
260 _c1988
300 _a112 pages :
300 _billustrations ;
300 _c19cm.
650 _aPainting --
650 _aPainting.
650 _aPaintings - for children.
650 _xJuvenile literature.
700 _aLaycock, Jane.
700 _aMcGee, Shelagh.
700 _aTitle.
999 _c344644
_d344644